[Event "6th K. Asrian Memorial"]
[Site "Jermuk"]
[Date "2013.06.16"]
[Round "1"]
[Board "1"]
[White "Postny, Evgeny"]
[Black "Gasparian, Tigran"]
[Result "1-0"]
[WhiteElo "2645"]
[BlackElo "2181"]
[PlyCount "78"]
[EventDate "2013.06.16"]
[EventRounds "9"]
[EventCountry "ARM"]

1. d4 d5 2. c4 e6 3. Nf3 c6 4. g3 Nf6 5. Bg2 Nbd7 6. O-O Bd6 7. Qc2 O-O 8. Rd1
Re8 9. Nc3 Qe7 10. b3 dxc4 11. bxc4 e5 12. e3 Bb4 13. Bb2 e4 14. Nd2 Bxc3 15.
Qxc3 Nb6 16. a4 Bg4 17. Rdc1 Rad8 18. h3 Bf5 19. Qa5 Qd7 20. g4 Be6 21. Qxa7
Nc8 22. Qa5 h5 23. Qg5 Nh7 24. Qxh5 f5 25. d5 cxd5 26. gxf5 Bxf5 27. cxd5 Nd6
28. Nc4 Nxc4 29. Rxc4 Nf6 30. Qg5 Rf8 31. d6 Qe6 32. Rc7 Rd7 33. Rxd7 Qxd7 34.
Rc1 Qe6 35. Rc7 Rf7 36. d7 Nxd7 37. Rc8+ Nf8 38. Rxf8+ Kxf8 39. Qd8+ Qe8 1-0

[Event "6th K. Asrian Memorial"]
[Site "Jermuk"]
[Date "2013.06.16"]
[Round "1"]
[Board "2"]
[White "Hayrapetyan, Artavazd R."]
[Black "Melkumyan, Hrant"]
[Result "0-1"]
[WhiteElo "2172"]
[BlackElo "2635"]
[PlyCount "122"]
[EventDate "2013.06.16"]
[EventRounds "9"]
[EventCountry "ARM"]

1. Nf3 Nf6 2. e3 g6 3. b3 Bg7 4. Bb2 O-O 5. Be2 c5 6. O-O d5 7. d4 cxd4 8. Nxd4
e5 9. Nf3 e4 10. Nd4 Nbd7 11. Nd2 Ne5 12. Ne6 Bxe6 13. Bxe5 Qa5 14. a3 Rac8 15.
b4 Qa4 16. Nb3 Rfd8 17. Nd4 Qd7 18. Rc1 Bg4 19. c4 dxc4 20. Bxf6 Bxe2 21. Qxe2
Bxf6 22. Rxc4 Rxc4 23. Qxc4 Bxd4 24. Rd1 Qc8 25. Qxc8 Rxc8 26. exd4 f5 27. d5
Kf7 28. g4 Kf6 29. gxf5 gxf5 30. f3 exf3 31. Kf2 Ke5 32. d6 Rd8 33. d7 Ke6 34.
Re1+ Kxd7 35. Re5 Kc6 36. Rc5+ Kb6 37. a4 Rd4 38. Rb5+ Kc6 39. Rc5+ Kd6 40. Rb5
b6 41. a5 Kc6 42. Rxf5 Rxb4 43. axb6 axb6 44. Rh5 Rf4 45. Rxh7 b5 46. Rh8 b4
47. h4 Rf7 48. h5 Kb5 49. Rb8+ Kc4 50. Rc8+ Kd3 51. Rb8 Kc3 52. Rc8+ Kb2 53.
Rb8 b3 54. h6 Kc2 55. Rc8+ Kb1 56. Rb8 b2 57. Rb6 Rf8 58. Rb7 Rh8 59. Rb6 Kc2
60. Rc6+ Kd3 61. Rb6 Rxh6 0-1

[Event "6th K. Asrian Memorial"]
[Site "Jermuk"]
[Date "2013.06.16"]
[Round "1"]
[Board "3"]
[White "Andriasian, Zaven"]
[Black "Mnatsakanian, Eduard A"]
[Result "1-0"]
[WhiteElo "2610"]
[BlackElo "2156"]
[PlyCount "79"]
[EventDate "2013.06.16"]
[EventRounds "9"]
[EventCountry "ARM"]

1. e4 Nf6 2. Nc3 d5 3. exd5 Nxd5 4. Bc4 Nxc3 5. bxc3 e6 6. Nf3 Bd6 7. d4 O-O 8.
O-O Nd7 9. Bd3 e5 10. Bg5 f6 11. Bh4 Re8 12. Re1 exd4 13. cxd4 Rxe1+ 14. Qxe1
Nf8 15. Rb1 Qe7 16. Qxe7 Bxe7 17. Bc4+ Be6 18. Bxe6+ Nxe6 19. Rxb7 Bd6 20. Bg3
Nd8 21. Rb3 Bxg3 22. hxg3 c6 23. Ra3 Kf7 24. Kf1 Ke7 25. Ke2 Kd7 26. Kd3 Kc7
27. Nd2 Ne6 28. Kc4 Nd8 29. Ne4 Nb7 30. Ra6 Re8 31. Nc5 Nd6+ 32. Kd3 Nc8 33.
Kd2 Re7 34. g4 h6 35. c4 Re8 36. f4 Re7 37. f5 Rf7 38. Ne6+ Kd7 39. Ra3 Re7 40.
Rb3 1-0

[Event "6th K. Asrian Memorial"]
[Site "Jermuk"]
[Date "2013.06.16"]
[Round "1"]
[Board "4"]
[White "Basencyan, Mark"]
[Black "Hovhannisyan, Robert"]
[Result "0-1"]
[WhiteElo "2143"]
[BlackElo "2610"]
[PlyCount "54"]
[EventDate "2013.06.16"]
[EventRounds "9"]
[EventCountry "ARM"]

1. d4 g6 2. c4 Bg7 3. Nc3 d6 4. e4 e5 5. Nf3 exd4 6. Nxd4 Ne7 7. Be3 O-O 8. Be2
Nbc6 9. O-O f5 10. f3 f4 11. Bf2 Nxd4 12. Bxd4 Bxd4+ 13. Qxd4 Be6 14. Rfd1 Nc6
15. Qf2 b6 16. Rac1 a5 17. Nd5 Ne5 18. b3 g5 19. g4 Rf7 20. Nc3 h5 21. h3 Qd7
22. Nb5 hxg4 23. hxg4 Bxg4 24. fxg4 f3 25. Bd3 Qxg4+ 26. Kf1 Rh7 27. Qg1 Qh3+
0-1

[Event "6th K. Asrian Memorial"]
[Site "Jermuk"]
[Date "2013.06.16"]
[Round "1"]
[Board "7"]
[White "Arutinian, David"]
[Black "Llopis De Aysa, Manuel"]
[Result "1-0"]
[WhiteElo "2543"]
[BlackElo "2115"]
[PlyCount "105"]
[EventDate "2013.06.16"]
[EventRounds "9"]
[EventCountry "ARM"]

1. Nf3 d6 2. d4 g6 3. c4 Bg7 4. Nc3 e5 5. g3 Nd7 6. Bg2 Ne7 7. O-O O-O 8. dxe5
dxe5 9. Qc2 Nf5 10. Rd1 Nd4 11. Nxd4 exd4 12. Nb5 Nc5 13. Be3 Ne6 14. Bxd4 Nxd4
15. Nxd4 Bxd4 16. e3 Bf5 17. Qb3 c5 18. exd4 cxd4 19. Qxb7 Rb8 20. Qxa7 d3 21.
b3 Re8 22. Bd5 Qf6 23. Rac1 Rbd8 24. Rd2 Rd7 25. Qa5 Rde7 26. Kg2 Re2 27. Rf1
Qd4 28. Rxe2 Rxe2 29. Qa8+ Kg7 30. Qb7 Qf6 31. Bf3 Rxa2 32. Qd5 d2 33. g4 Be6
34. Qd3 Qb2 35. Rd1 Qc2 36. Qxc2 Rxc2 37. Rf1 Rc1 38. Bd1 f5 39. f3 Kf6 40. Kf2
fxg4 41. fxg4 Ke7 42. Ke3 Bxg4 43. Kxd2 Ra1 44. Re1+ Be6 45. Bc2 Rxe1 46. Kxe1
Kd6 47. Kd2 Bf7 48. Kc3 h6 49. Kd4 g5 50. b4 h5 51. Be4 g4 52. c5+ Kc7 53. b5
1-0

[Event "6th K. Asrian Memorial"]
[Site "Jermuk"]
[Date "2013.06.16"]
[Round "1"]
[Board "9"]
[White "Kotanjian, Tigran"]
[Black "Hovhannisyan, Karen"]
[Result "1/2-1/2"]
[WhiteElo "2529"]
[BlackElo "2107"]
[PlyCount "75"]
[EventDate "2013.06.16"]
[EventRounds "9"]
[EventCountry "ARM"]

1. d4 Nf6 2. c4 e6 3. Nf3 d5 4. Nc3 Be7 5. Bg5 O-O 6. e3 b6 7. Bd3 Bb7 8. O-O
Nbd7 9. Rc1 c5 10. Qe2 Rc8 11. cxd5 Nxd5 12. Bxe7 Qxe7 13. Ba6 N7f6 14. Nxd5
exd5 15. dxc5 bxc5 16. Qb5 Rb8 17. Bxb7 Rxb7 18. Qxc5 Qxc5 19. Rxc5 Rxb2 20.
Ra5 Rc8 21. Rxa7 h6 22. Ne5 Rcc2 23. Ra8+ Kh7 24. Rf8 Rxa2 25. Rxf7 Kg8 26. Re7
Ne4 27. Re8+ Kh7 28. Rf8 Nd2 29. Re1 Ne4 30. Rf1 Nd2 31. Rd1 Ne4 32. Rf1 Nd2
33. Re1 Ne4 34. Nd3 Rd2 35. Nc1 Rxf2 36. Rxf2 Rxf2 37. Nd3 Rd2 38. Nf4 1/2-1/2

[Event "6th K. Asrian Memorial"]
[Site "Jermuk"]
[Date "2013.06.16"]
[Round "1"]
[Board "10"]
[White "Khomeriki, Nino"]
[Black "Minasian, Artashes"]
[Result "0-1"]
[WhiteElo "2066"]
[BlackElo "2505"]
[PlyCount "64"]
[EventDate "2013.06.16"]
[EventRounds "9"]
[EventCountry "ARM"]

1. Nf3 g6 2. g3 Bg7 3. Bg2 c5 4. O-O Nc6 5. c4 e5 6. Nc3 Nge7 7. d3 d6 8. a3 a5
9. Rb1 O-O 10. Bd2 h6 11. Ne1 Be6 12. Nc2 d5 13. cxd5 Nxd5 14. Ne3 Nxe3 15.
Bxe3 Nd4 16. b4 cxb4 17. axb4 Rc8 18. Bxd4 exd4 19. Nb5 a4 20. Qxa4 Ra8 21. Qc2
Qd7 22. Qc5 Bg4 23. f3 Bf5 24. Rfc1 Ra2 25. g4 Be6 26. Kf1 f5 27. Qb6 Ra6 28.
Qc5 Rc6 29. Qa7 Rxc1+ 30. Rxc1 Qxb5 31. Rc7 Qe5 32. Qxb7 fxg4 0-1

[Event "6th K. Asrian Memorial"]
[Site "Jermuk"]
[Date "2013.06.16"]
[Round "1"]
[Board "11"]
[White "Hayrapetyan, Hovik"]
[Black "Guo, Emma"]
[Result "1-0"]
[WhiteElo "2502"]
[BlackElo "2064"]
[PlyCount "53"]
[EventDate "2013.06.16"]
[EventRounds "9"]
[EventCountry "ARM"]

1. d4 Nf6 2. Nf3 g6 3. c4 Bg7 4. Nc3 d5 5. Bg5 Ne4 6. cxd5 Nxg5 7. Nxg5 e6 8.
Nf3 exd5 9. b4 O-O 10. e3 c6 11. Qb3 Bg4 12. Be2 Qe7 13. O-O Nd7 14. b5 Nb6 15.
Rac1 Rac8 16. a4 Rfe8 17. a5 Nc4 18. Qa2 Qb4 19. a6 cxb5 20. axb7 Rb8 21. Qa6
Qa5 22. Qxb5 Qxb5 23. Nxb5 Red8 24. Nxa7 Rxb7 25. Nc6 Rc8 26. Bxc4 dxc4 27.
Rxc4 1-0

[Event "6th K. Asrian Memorial"]
[Site "Jermuk"]
[Date "2013.06.16"]
[Round "1"]
[Board "12"]
[White "Imnadze, Nato"]
[Black "Babujian, Levon"]
[Result "0-1"]
[WhiteElo "2059"]
[BlackElo "2488"]
[PlyCount "86"]
[EventDate "2013.06.16"]
[EventRounds "9"]
[EventCountry "ARM"]

1. e4 e5 2. Nc3 Nc6 3. g3 Bc5 4. Bg2 d6 5. Nge2 Be6 6. d3 h5 7. h3 Nge7 8. Nd5
Ng6 9. c3 a6 10. Be3 Bxe3 11. Nxe3 h4 12. Qd2 hxg3 13. fxg3 Qd7 14. h4 Nge7 15.
Nd5 O-O-O 16. O-O-O Kb8 17. Kb1 f5 18. Rdf1 fxe4 19. Nxe7 Nxe7 20. dxe4 Ng8 21.
b3 Nf6 22. c4 Qf7 23. Nc3 Qg6 24. Qg5 Qxg5 25. hxg5 Nh7 26. g6 Ng5 27. Rh4 Bd7
28. Rfh1 Rhf8 29. Nd5 c6 30. Ne3 Rf6 31. Rh8 Rxh8 32. Rxh8+ Kc7 33. Nf5 Rxg6
34. Rg8 Ne6 35. b4 Rg5 36. c5 dxc5 37. bxc5 g6 38. Nh4 Rxg3 39. Rxg6 Re3 40.
Rg8 Nxc5 41. Rg7 Kb6 42. Re7 Be6 43. Bf3 a5 0-1

[Event "6th K. Asrian Memorial"]
[Site "Jermuk"]
[Date "2013.06.16"]
[Round "1"]
[Board "13"]
[White "Gorovets, Andrey"]
[Black "Tutisani, Noe"]
[Result "1/2-1/2"]
[WhiteElo "2470"]
[BlackElo "2037"]
[PlyCount "108"]
[EventDate "2013.06.16"]
[EventRounds "9"]
[EventCountry "ARM"]

1. d4 Nf6 2. c4 g6 3. Nc3 d5 4. Bg5 Ne4 5. Bh4 c5 6. cxd5 Nxc3 7. bxc3 Qxd5 8.
e3 Nc6 9. Qf3 Qf5 10. Bb5 Bd7 11. Qxf5 gxf5 12. Nf3 e6 13. O-O Be7 14. Bg3 f6
15. Rfe1 Kf7 16. e4 fxe4 17. Rxe4 a6 18. Be2 cxd4 19. Nxd4 Nxd4 20. Bh5+ Kf8
21. cxd4 Rc8 22. Bf4 h6 23. Rae1 f5 24. R4e2 Rc4 25. g3 Bb4 26. Rb1 Ke7 27. d5
b5 28. Bf3 Bc3 29. dxe6 Bc6 30. Bxc6 Rxc6 31. Rd1 Rxe6 32. Rxe6+ Kxe6 33. Rd6+
Kf7 34. Rxa6 h5 35. h4 Re8 36. Rh6 Ra8 37. Rxh5 Ke6 38. g4 fxg4 39. Rxb5 Rxa2
40. Kg2 Ra5 41. Rb6+ Kf5 42. Be3 Be5 43. h5 Bf4 44. h6 Bxe3 45. fxe3 Ra7 46.
Rb5+ Kg6 47. Rb4 Kxh6 48. Rxg4 Rf7 49. Kg3 Rg7 50. Rxg7 Kxg7 51. Kf3 Kf7 52.
Kg4 Kg6 53. Kf4 Kf6 54. Ke4 Ke6 1/2-1/2

[Event "6th K. Asrian Memorial"]
[Site "Jermuk"]
[Date "2013.06.16"]
[Round "1"]
[Board "14"]
[White "Malkawi, Fadi"]
[Black "Aghasaryan, Robert"]
[Result "0-1"]
[WhiteElo "2035"]
[BlackElo "2470"]
[PlyCount "96"]
[EventDate "2013.06.16"]
[EventRounds "9"]
[EventCountry "ARM"]

1. e4 e5 2. Bc4 Nf6 3. Qe2 Nc6 4. c3 Bc5 5. Nf3 d6 6. d3 a6 7. Bb3 h6 8. O-O
O-O 9. Rd1 Ba7 10. h3 Re8 11. Nbd2 Nh5 12. Nf1 Qf6 13. Be3 Nf4 14. Bxf4 Qxf4
15. g3 Qf6 16. Kg2 Be6 17. Ne3 Bxe3 18. Bxe6 Qxe6 19. Qxe3 d5 20. Qc5 Rad8 21.
Re1 Rd6 22. Qa3 Red8 23. Qb3 b6 24. Qa4 a5 25. Qc2 Qd7 26. Re2 Rf6 27. Nh2 h5
28. Rae1 d4 29. c4 Nb4 30. Qb1 a4 31. a3 Na6 32. Nf1 h4 33. Nd2 hxg3 34. fxg3
Rh6 35. Rh1 Nc5 36. b4 axb3 37. Nxb3 Ne6 38. Qc1 Rg6 39. Kh2 Ra8 40. Nd2 Nc5
41. Nf3 Nxd3 42. Qc2 Rxa3 43. Rd1 Nb4 44. Nxe5 Qd6 45. Qb2 Ra2 46. Nxg6 Rxb2
47. Rxb2 fxg6 48. Rbd2 Nc6 0-1

[Event "6th K. Asrian Memorial"]
[Site "Jermuk"]
[Date "2013.06.16"]
[Round "1"]
[Board "15"]
[White "Mkrtchian, Lilit"]
[Black "Gaboyan, Susanna"]
[Result "1-0"]
[WhiteElo "2466"]
[BlackElo "2019"]
[PlyCount "95"]
[EventDate "2013.06.16"]
[EventRounds "9"]
[EventCountry "ARM"]

1. c4 Nf6 2. Nc3 d5 3. cxd5 Nxd5 4. g3 g6 5. Bg2 Nxc3 6. bxc3 Bg7 7. h4 c6 8.
h5 Bg4 9. Rb1 Qc8 10. Qb3 b6 11. Qa4 Bf5 12. Rxb6 axb6 13. Qxa8 O-O 14. Nf3 Qe6
15. hxg6 hxg6 16. Ng5 Qc4 17. Qa3 Nd7 18. Qb3 Qxb3 19. axb3 Nc5 20. Bxc6 Nxb3
21. Ba3 Rd8 22. Nf3 Bf6 23. Bb4 Bg4 24. Nh2 Bd7 25. Bxd7 Rxd7 26. Nf3 Ra7 27.
O-O Ra2 28. Rd1 e5 29. e4 Bg7 30. Kf1 f5 31. d3 Kf7 32. Ke1 Ke6 33. Rb1 Na1 34.
Kf1 Nc2 35. Ne1 Ra1 36. Rxa1 Nxa1 37. Ke2 Nb3 38. Kd1 Bh6 39. Nf3 Nc1 40. Kc2
Ne2 41. Ba3 b5 42. Bb2 g5 43. exf5+ Kf6 44. Kd1 g4 45. Nh2 Ng1 46. Nxg4+ Kg5
47. Nxh6 Kxh6 48. Bc1+ 1-0

[Event "6th K. Asrian Memorial"]
[Site "Jermuk"]
[Date "2013.06.16"]
[Round "1"]
[Board "19"]
[White "Harutyunian, Tigran K."]
[Black "Aleksanyan, Hrant"]
[Result "1-0"]
[WhiteElo "2359"]
[BlackElo "1939"]
[PlyCount "69"]
[EventDate "2013.06.16"]
[EventRounds "9"]
[EventCountry "ARM"]

1. d4 Nf6 2. c4 e6 3. Nc3 Bb4 4. e3 O-O 5. Nge2 d5 6. a3 Be7 7. Ng3 Nbd7 8.
cxd5 exd5 9. Nf5 Nb6 10. Nxe7+ Qxe7 11. Bd3 c5 12. O-O Bg4 13. f3 Bh5 14. Ne2
Bg6 15. Nf4 Bxd3 16. Nxd3 Nfd7 17. Re1 f5 18. Bd2 a5 19. Bc3 c4 20. Nf4 Nb8 21.
b4 a4 22. g3 N8d7 23. e4 fxe4 24. fxe4 dxe4 25. d5 Rae8 26. Ne6 Rf3 27. Bxg7
Nxd5 28. Rxe4 Nc3 29. Bxc3 Rxc3 30. Nc5 Ne5 31. Qd5+ Kh8 32. Qd4 Qg7 33. Qxc3
Nf3+ 34. Qxf3 Qxa1+ 35. Qf1 1-0

[Event "6th K. Asrian Memorial"]
[Site "Jermuk"]
[Date "2013.06.16"]
[Round "1"]
[Board "21"]
[White "Petrosyan, Manuel"]
[Black "Hakobyan, Aram"]
[Result "1-0"]
[WhiteElo "2341"]
[BlackElo "1913"]
[PlyCount "111"]
[EventDate "2013.06.16"]
[EventRounds "9"]
[EventCountry "ARM"]

1. e4 c6 2. c4 d5 3. exd5 cxd5 4. cxd5 Nf6 5. Qa4+ Nbd7 6. Nc3 g6 7. Bc4 Bg7 8.
d3 O-O 9. Nf3 a6 10. Qa3 Ng4 11. O-O Nde5 12. Nxe5 Bxe5 13. h3 Bd6 14. b4 Ne5
15. Ne4 Bf5 16. Ng3 Bxh3 17. f4 Bd7 18. fxe5 Bxe5 19. d4 Bxd4+ 20. Be3 Bxa1 21.
Rxa1 Qc7 22. Bc5 b6 23. d6 exd6 24. Ne4 dxc5 25. Nf6+ Kg7 26. Qb2 Kh6 27. Qd2+
Kg7 28. Nxd7 cxb4 29. Qd4+ f6 30. Nxf8 Rxf8 31. Bxa6 Qc5 32. Qxc5 bxc5 33. Rc1
Ra8 34. Bc4 f5 35. Rd1 Kf6 36. Rd6+ Kg5 37. Rc6 Kf4 38. Rxc5 Rd8 39. Kh2 Rd4
40. Bg8 h6 41. Bf7 g5 42. Be6 Rd6 43. Rxf5+ Ke4 44. Bc8 Rd2 45. Ra5 Rd4 46. Be6
Ke3 47. Kg3 Re4 48. Bb3 Kd4 49. Rd5+ Ke3 50. Rc5 Ke2 51. Rc4 Re3+ 52. Kh2 h5
53. Rc5 g4 54. Rxh5 Kf2 55. Rf5+ Ke2 56. Rf4 1-0

[Event "6th K. Asrian Memorial"]
[Site "Jermuk"]
[Date "2013.06.17"]
[Round "2"]
[Board "1"]
[White "Chibukhchian, Artur"]
[Black "Postny, Evgeny"]
[Result "1-0"]
[WhiteElo "2450"]
[BlackElo "2645"]
[PlyCount "155"]
[EventDate "2013.06.16"]
[EventRounds "9"]
[EventCountry "ARM"]

1. d4 d5 2. c4 c6 3. Nf3 Nf6 4. e3 Bf5 5. Nc3 e6 6. Nh4 Be4 7. f3 Bg6 8. Nxg6
hxg6 9. Qb3 Qc7 10. g3 Bd6 11. f4 g5 12. Bg2 gxf4 13. exf4 Nbd7 14. Bd2 dxc4
15. Qxc4 Nb6 16. Qe2 g6 17. Rc1 Qd7 18. O-O Be7 19. Be3 Nfd5 20. Bf2 f5 21.
Rce1 Nc7 22. Rd1 O-O-O 23. h4 Bf6 24. Rd3 Qg7 25. Rfd1 Rd6 26. Qc2 Rhd8 27. Ne2
Nb5 28. Qb3 Kb8 29. Qb4 e5 30. fxe5 Bxe5 31. a4 Nc7 32. Qb3 Bf6 33. Qc2 Ncd5
34. Rb3 Re8 35. Qd3 g5 36. hxg5 Bxg5 37. Qf3 Qf7 38. Rbd3 Qh7 39. Rb3 Rh6 40.
Nc3 Rh8 41. Nxd5 Nxd5 42. Re1 Nf6 43. Re5 Ne4 44. Rxf5 Rh1+ 45. Bxh1 Qh2+ 46.
Kf1 Nd2+ 47. Ke2 Nxf3 48. Bxf3 Qh6 49. Re5 Rf8 50. Bg1 Bc1 51. Rd3 Bxb2 52. g4
Bc1 53. d5 Qh8 54. Bd4 Qh2+ 55. Kd1 Bf4 56. Re2 Qh3 57. dxc6 Qf1+ 58. Kc2 Qc1+
59. Kb3 Qb1+ 60. Kc4 Bd6 61. Rb2 Qc1+ 62. Bc3 b6 63. Rbd2 Bc7 64. Kb3 Qb1+ 65.
Bb2 Qf1 66. Bg2 Qf7+ 67. Bd5 Qg6 68. Rd4 a6 69. Ka2 Rf1 70. Re4 Qg5 71. Re8+
Ka7 72. Ree2 Qxg4 73. Bb3 Qg6 74. Re7 Kb8 75. Rdd7 Qxc6 76. Rxc7 Qxc7 77. Be5
Qxe5 78. Rxe5 1-0

[Event "6th K. Asrian Memorial"]
[Site "Jermuk"]
[Date "2013.06.17"]
[Round "2"]
[Board "2"]
[White "Melkumyan, Hrant"]
[Black "Mkrtchian, Lilit"]
[Result "1-0"]
[WhiteElo "2635"]
[BlackElo "2466"]
[PlyCount "133"]
[EventDate "2013.06.16"]
[EventRounds "9"]
[EventCountry "ARM"]

1. d4 Nf6 2. c4 e6 3. Nf3 Bb4+ 4. Bd2 Bxd2+ 5. Qxd2 O-O 6. Nc3 d5 7. e3 Qe7 8.
a3 a6 9. Qc2 Nbd7 10. cxd5 exd5 11. Bd3 c5 12. dxc5 Nxc5 13. O-O Bd7 14. Rad1
g6 15. Qd2 Rad8 16. Be2 Nce4 17. Qd4 Rfe8 18. Rc1 Bc8 19. Qb6 Rd6 20. Qb4 Nxc3
21. Qxc3 Rc6 22. Qa5 Qd6 23. Rxc6 Qxc6 24. Qb4 Qc7 25. Rd1 Bd7 26. h3 Rc8 27.
Nd4 Be8 28. Bf3 Rd8 29. Ne2 Bc6 30. Qd4 Qe7 31. Nf4 Rd7 32. Nd3 Rd6 33. Nb4 Ba4
34. Rd2 Bc6 35. e4 Re6 36. exd5 Re1+ 37. Kh2 Qd6+ 38. g3 Bb5 39. Nc2 Rb1 40.
Ne3 h5 41. Rd1 Rxd1 42. Bxd1 a5 43. Bf3 b6 44. Kg2 Kf8 45. Qc3 Ke7 46. Qc8 Qc5
47. Qb8 Qd6 48. Qb7+ Kf8 49. a4 Bd3 50. Qc8+ Ke7 51. Qc3 Ba6 52. b3 Kf8 53. h4
Ke7 54. Kg1 Kf8 55. Qd4 Ke7 56. Qd2 Qe5 57. b4 axb4 58. Qxb4+ Qd6 59. Qb2 Kd8
60. Be2 Bxe2 61. Qxe2 Qc5 62. Qb2 Nd7 63. Kh2 Ke8 64. Kg2 Kd8 65. Kf3 Ke7 66.
Ke2 Kd6 67. Qh8 1-0

[Event "6th K. Asrian Memorial"]
[Site "Jermuk"]
[Date "2013.06.17"]
[Round "2"]
[Board "3"]
[White "Baghdasaryan, Vahe"]
[Black "Andriasian, Zaven"]
[Result "1/2-1/2"]
[WhiteElo "2387"]
[BlackElo "2610"]
[PlyCount "54"]
[EventDate "2013.06.16"]
[EventRounds "9"]
[EventCountry "ARM"]

1. Nf3 d5 2. d4 Nf6 3. c4 c6 4. Nc3 dxc4 5. a4 Bf5 6. Nh4 e6 7. Nxf5 exf5 8. e3
Bb4 9. Bxc4 O-O 10. O-O Nbd7 11. Qc2 g6 12. f3 Nb6 13. Ba2 a5 14. Kh1 Re8 15.
e4 Qxd4 16. Bg5 h6 17. Bh4 Nbd7 18. Rad1 Qc5 19. Bf2 Qf8 20. exf5 g5 21. Ne4
Nxe4 22. fxe4 Nf6 23. Bd4 Nxe4 24. f6 Rad8 25. Bg1 Re5 26. Bd4 Ree8 27. Bg1 Re5
1/2-1/2

[Event "6th K. Asrian Memorial"]
[Site "Jermuk"]
[Date "2013.06.17"]
[Round "2"]
[Board "4"]
[White "Hovhannisyan, Robert"]
[Black "Kalashian, David"]
[Result "1-0"]
[WhiteElo "2610"]
[BlackElo "2419"]
[PlyCount "63"]
[EventDate "2013.06.16"]
[EventRounds "9"]
[EventCountry "ARM"]

1. e4 c5 2. Nf3 d6 3. d4 cxd4 4. Nxd4 Nf6 5. Nc3 e6 6. g4 h6 7. Be3 a6 8. Bg2
e5 9. Nf5 g6 10. Qe2 gxf5 11. exf5 Rg8 12. h3 Nc6 13. O-O-O Qa5 14. f4 Bd7 15.
Qf2 Rxg4 16. hxg4 Nxg4 17. Qe2 Bxf5 18. Bg1 O-O-O 19. Rh4 h5 20. Rxh5 Bd7 21.
fxe5 Ngxe5 22. Kb1 Kb8 23. Rh4 Ng6 24. Ra4 Qe5 25. Qf2 Nge7 26. Rxa6 bxa6 27.
Qb6+ Kc8 28. Qxa6+ Kb8 29. Ba7+ Kc7 30. Nb5+ Qxb5 31. Qxb5 Nc8 32. Bb8+ 1-0

[Event "6th K. Asrian Memorial"]
[Site "Jermuk"]
[Date "2013.06.17"]
[Round "2"]
[Board "5"]
[White "Petrosyan, Tigran S."]
[Black "Fier, Alexandr"]
[Result "1/2-1/2"]
[WhiteElo "2356"]
[BlackElo "2609"]
[PlyCount "102"]
[EventDate "2013.06.16"]
[EventRounds "9"]
[EventCountry "ARM"]

1. e4 c5 2. c3 Nf6 3. e5 Nd5 4. Nf3 Nc6 5. d4 cxd4 6. cxd4 d6 7. Bc4 dxe5 8.
dxe5 Ndb4 9. a3 Qxd1+ 10. Kxd1 Na6 11. h3 Nc5 12. Be3 Na5 13. Bb5+ Bd7 14. Nc3
Nab3 15. Rb1 e6 16. Bxd7+ Kxd7 17. Ke2 a6 18. Rhd1+ Ke8 19. Bxc5 Nxc5 20. b4
Nd7 21. Ne4 Nb6 22. Rbc1 Nd5 23. Nc3 Nb6 24. Ne4 Nd5 25. Nc3 Nb6 26. Nd2 f5 27.
exf6 gxf6 28. Nde4 Kf7 29. Nd6+ Bxd6 30. Rxd6 Nc4 31. Rd7+ Kg6 32. Rxb7 Nxa3
33. Ne4 Nb5 34. Kf1 Rhc8 35. Rxc8 Rxc8 36. Nc5 Nd4 37. Ra7 Nc6 38. Rxa6 Nxb4
39. Ra4 Rxc5 40. Rxb4 Rc2 41. g3 e5 42. Kg2 h5 43. h4 Kf5 44. Rb6 e4 45. Rb5+
Kg6 46. Kf1 Rd2 47. Kg1 f5 48. Rb6+ Kg7 49. Kf1 Rd3 50. Ke2 Rf3 51. Rb7+ Kg6
1/2-1/2

[Event "6th K. Asrian Memorial"]
[Site "Jermuk"]
[Date "2013.06.17"]
[Round "2"]
[Board "6"]
[White "Ter-Sahakyan, Samvel"]
[Black "Harutyunian, Tigran K."]
[Result "1-0"]
[WhiteElo "2582"]
[BlackElo "2359"]
[PlyCount "59"]
[EventDate "2013.06.16"]
[EventRounds "9"]
[EventCountry "ARM"]

1. e4 e5 2. Nf3 Nc6 3. Bc4 Bc5 4. c3 Nf6 5. d3 O-O 6. Bb3 d6 7. Bg5 h6 8. Bh4
a6 9. Nbd2 Ba7 10. O-O Bg4 11. h3 Be6 12. Kh1 Bxb3 13. axb3 Qe7 14. Nc4 Qe6 15.
Ne3 Ne7 16. Nh2 g5 17. Bg3 h5 18. Nf3 Nh7 19. d4 exd4 20. Nxd4 Qxe4 21. Qxh5
Bxd4 22. cxd4 f5 23. f4 Qxe3 24. Rae1 Qxb3 25. Rxe7 Rf7 26. Rfe1 g4 27. Qg6+
Kf8 28. Bh4 gxh3 29. Rxf7+ Qxf7 30. Be7+ 1-0

[Event "6th K. Asrian Memorial"]
[Site "Jermuk"]
[Date "2013.06.17"]
[Round "2"]
[Board "8"]
[White "Gabuzyan, Hovhannes"]
[Black "Petrosyan, Manuel"]
[Result "1-0"]
[WhiteElo "2533"]
[BlackElo "2341"]
[PlyCount "79"]
[EventDate "2013.06.16"]
[EventRounds "9"]
[EventCountry "ARM"]

1. c4 Nf6 2. Nf3 c6 3. d4 d5 4. e3 e6 5. Bd3 Nbd7 6. b3 dxc4 7. bxc4 e5 8. Nbd2
Bd6 9. O-O O-O 10. Bb2 Qe7 11. Qc2 Re8 12. Ne4 Nxe4 13. Bxe4 g6 14. c5 Bc7 15.
Qc4 exd4 16. Qxd4 Ne5 17. Rab1 Nxf3+ 18. Bxf3 Be5 19. Qb4 Bf5 20. Bxe5 Qxe5 21.
Rbc1 Re7 22. Rfd1 Rae8 23. Qa3 a6 24. Rc4 Rd7 25. Rxd7 Bxd7 26. h4 h5 27. Rd4
Be6 28. Qa5 Qf5 29. Be4 Qf6 30. Bf3 Qf5 31. Be4 Qf6 32. Qb6 Re7 33. a3 Kh7 34.
Qd8 Bg4 35. Bc2 Qe5 36. Qf8 Qxc5 37. Bb3 Qe5 38. Bxf7 Bf5 39. Bg8+ Kh8 40. Be6+
1-0

[Event "6th K. Asrian Memorial"]
[Site "Jermuk"]
[Date "2013.06.17"]
[Round "2"]
[Board "9"]
[White "Minasian, Artashes"]
[Black "Vardanian, Hakob"]
[Result "1/2-1/2"]
[WhiteElo "2505"]
[BlackElo "2260"]
[PlyCount "118"]
[EventDate "2013.06.16"]
[EventRounds "9"]
[EventCountry "ARM"]

1. c4 Nf6 2. g3 c6 3. b3 g6 4. Bb2 Bg7 5. Bg2 d6 6. d4 O-O 7. Nf3 Qa5+ 8. Bc3
Qh5 9. Nbd2 Bh3 10. O-O Nbd7 11. e3 Bxg2 12. Kxg2 Rfe8 13. h3 Qf5 14. g4 Qd3
15. Rc1 Ne4 16. Ne1 Nxc3 17. Nxd3 Nxd1 18. Rfxd1 e5 19. Ne4 exd4 20. Nxd6 Re7
21. exd4 Nf8 22. Nc5 b6 23. Nce4 Rd8 24. c5 Ne6 25. cxb6 axb6 26. Rxc6 Bxd4 27.
Nb5 Kg7 28. Rxe6 Rxe6 29. Ng5 Re5 30. Nxd4 Rxd4 31. Rxd4 Rxg5 32. a4 b5 33. Rd2
bxa4 34. bxa4 h5 35. Kf3 Ra5 36. Ra2 hxg4+ 37. hxg4 Kf6 38. Kf4 Ke6 39. Ra3 g5+
40. Ke4 f5+ 41. Kf3 Kf6 42. Ra2 Ke5 43. Kg3 Kf6 44. f3 Ke5 45. Ra1 f4+ 46. Kf2
Kd5 47. Ke2 Kc4 48. Kd2 Kb3 49. Kd3 Kb2 50. Re1 Rxa4 51. Re5 Ra3+ 52. Ke2 Kc3
53. Rxg5 Kd4 54. Rb5 Ra2+ 55. Kf1 Ra3 56. Kg2 Ra2+ 57. Kh3 Ra3 58. g5 Rxf3+ 59.
Kg4 Rf1 1/2-1/2

[Event "6th K. Asrian Memorial"]
[Site "Jermuk"]
[Date "2013.06.17"]
[Round "2"]
[Board "10"]
[White "Mikaelyan, Arman"]
[Black "Hayrapetyan, Hovik"]
[Result "1-0"]
[WhiteElo "2215"]
[BlackElo "2502"]
[PlyCount "117"]
[EventDate "2013.06.16"]
[EventRounds "9"]
[EventCountry "ARM"]

1. d4 Nf6 2. Nf3 d5 3. c4 e6 4. Nc3 Be7 5. Bg5 h6 6. Bh4 O-O 7. e3 a6 8. Qc2
dxc4 9. Bxc4 b5 10. Bd3 Bb7 11. Bxf6 Bxf6 12. Bh7+ Kh8 13. Be4 c6 14. O-O Nd7
15. Rfd1 Qb6 16. a4 Rac8 17. a5 Qc7 18. b4 g6 19. Rac1 Bg7 20. Qb3 f5 21. Bb1
e5 22. Ne2 e4 23. Nh4 Rf6 24. Nf4 Qd6 25. Rc5 g5 26. Nxf5 Nxc5 27. bxc5 Qd7 28.
Nxg7 gxf4 29. Nh5 Rf5 30. Nxf4 Re8 31. Ng6+ Kg7 32. Ne5 Qd5 33. Qxd5 cxd5 34.
f4 Rf6 35. Ba2 Ba8 36. Nd7 Bc6 37. Nxf6 Kxf6 38. Rb1 Rb8 39. Rb4 h5 40. Bb3 Rg8
41. Kf2 Ke6 42. Bd1 Be8 43. Be2 Kf6 44. Rb1 Kg6 45. g3 Bd7 46. Kg2 Rc8 47. h3
Rc7 48. g4 h4 49. g5 Bc6 50. Bg4 Rb7 51. Rb4 Rb8 52. Kf2 Re8 53. Ke2 Rf8 54.
Kd2 Rb8 55. Kc3 Re8 56. Rb1 Rf8 57. Kb4 Re8 58. Rg1 Rd8 59. Be6 1-0